000 00272nam a2200109Ia 4500
008 221009s9999 xx 000 0 und d
082 _a720/MED
100 _aMedhi, Dilip K.
_9997
245 0 _aMan and Environment in NE India Volume III
260 _bEBH Pub.
942 _cBK
999 _c64874
_d64874